ドラゴンクエスト10 オフライン モンスター(ver1) - Statistics

General Stats
  • This quiz has been taken 11 times
  • The average score is 233 of 796
Answer Stats
Hint Answer % Correct
アクロニア鉱山 | コルット地方 | プクレット地方 | +2 others スライム
100%
アクロニア鉱山 | コルット地方 | ツスクル平野 | +3 others ドラキー
89%
イナミノ街道 | オルフェア地方西 | ミューズ海岸 | +2 others キメラ
89%
けがれの谷 | スイの塔 | レーナム緑野 | 久遠の森 ホイミスライム
89%
ラーディス王島 | リンクル地方 キングスライム
89%
ボロヌス溶岩流 | 冥王の心臓 | 捨てられた城 ベホマスライム
89%
アズラン地方 | オルフェア地方東 | ガタラ原野 | +2 others スライムベス
78%
オルフェア地方東 | ガートラント領 | モガリム街道 | モリナラ大森林 メイジキメラ
78%
オルフェア地方東 | ラーディス王島 スライムナイト
78%
ポポリアきのこ山 スライムベホマズン
78%
エゼソル峡谷 | 海のとける洞くつ | 砂岩の洞くつ | 落陽の草原 メタルライダー
78%
ラギ雪原 | ヴァース大山林 | 夢幻の森 キラーマシン
67%
エゼソル峡谷 | グレン領東 | グレン領西 | +2 others メガザルロック
67%
ガタラ原野 | グレン領西 | ゴブル砂漠東 | レーナム緑野 ゴーレム
67%
ガートラント領 | ジュレー島上層 | フェルアバの洞くつ | +2 others ドラキーマ
67%
コルット地方 | ポーポラ地方 | レーナム緑野 | 地底湖の洞くつ スライムつむり
67%
ウルベア地下遺跡 | ポポラパの洞くつ おどるほうせき
67%
ブーナー熱帯雨林 | ヴェリナード領北 | 久遠の森 サイクロプス
67%
レーナム緑野 タホドラキー
67%
アクロニア鉱山 | ラニアッカ断層帯 メラゴースト
67%
ゴブル砂漠東 | ジュレー島上層 | ナグアの洞くつ スマイルロック
56%
ラギ雪原 ホークブリザード
56%
アズラン地方 | オルフェア地方東 | グレン領東 | +2 others バブルスライム
56%
グレン領東 | ゲルト海峡 マドハンド
56%
カルデア山道 | グレン領東 | ザマ峠 | 東の荒野 ばくだん岩
56%
グレン領西 ギズモ
56%
ジュレー島上層 | チョッピ荒野 | バドリー岩石地帯 | +2 others ストーンマン
56%
けがれの谷 ゴースト
56%
エゼソル峡谷 | ポーポラ地方 | ラーディス王島 | 冥王の心臓 ギガンテス
56%
オルフェア地方西 | スイの塔 | ラーディス王島 スライムタワー
56%
オルフェア地方西 | モガリム街道 じんめんじゅ
56%
モリナラ大森林 | 冥王の心臓 まおうのつかい
56%
ジュレー島下層(大空洞) | スイゼン湿原 | ミューズ海岸 しびれくらげ
56%
スイの塔 わらいぶくろ
56%
イナミノ街道 たけやりへい
56%
コルット地方 | ゴブル砂漠西 | ジュレー島下層(大空洞) | +2 others デンタザウルス
56%
ゴブル砂漠西 ブラッドハンド
56%
ランドン山脈頂上付近(過去) ひくいどり
56%
ランガーオ山地 ブラウニー
44%
ランガーオ山地 | ランドン山脈頂上付近 | 浜辺の洞くつ ブリザード
44%
ロンダの氷穴 キラースコップ
44%
ゲルト海峡(過去) | ランドンフット | ロンダの氷穴 | +2 others がいこつ
44%
ダズの岩穴 | デマトード高地 | ベコン渓谷 スカルゴン
44%
エピステーサ丘陵 | メギストリス領 | ラギ雪原 シルバーデビル
44%
ランドンフット | ランドンフット(過去) | ランドン山脈 ランドンクイナ
44%
イナミノ街道 | エゼソル峡谷 | ガートラント領 | +2 others ボストロール
44%
オルセコ高地 | ミュルエルの森 | ヴェリナード領北 | 永遠の地下迷宮 ベホイムスライム
44%
モリナラ地下洞 | ラニアッカ断層帯 | 古代オルセコ闘技場 | 呪われた大地 しりょうのきし
44%
ポーポラ地方 | レーナム緑野 リリパット
44%
ボロヌス溶岩流 | ポーポラ地方 | ラーディス王島 スターキメラ
44%
ボロヌスの穴 | 賢者の隠れ家 | 風車の丘 しにがみきぞく
44%
オルフェア地方西 | 呪われた大地 | 風車の丘 ウドラー
44%
ツスクル平野 | ラニアッカ断層帯 おおきづち
44%
久遠の森 おばけキャンドル
44%
ウルベア地下遺跡 | ブーナー熱帯雨林 | 海のとける洞くつ | +2 others メタルハンター
44%
シエラ巡礼地 デビルアーマー
44%
ジュレー島下層(遺跡) | ダラズ採掘場 シルバーマント
44%
ウルベア地下遺跡 | 知恵の眠る遺跡 どくどくゾンビ
44%
猫島 プリズニャン
44%
モガレの洞くつ | ヴェリナード領南 マリンスライム
44%
アクロニア鉱山 いたずらもぐら
44%
ザグバン丘陵 ヘルクラッシャー
44%
ウルベア地下遺跡 | カルデア山道 ベホイミスライム
44%
カルデア山道 | カルデア洞穴 | 東の荒野 フレイム
44%
エゼソル峡谷 | 砂岩の洞くつ ドラゴンキッズ
44%
カルサドラ火山 | 神殿レイダメテス ヒートギズモ
44%
神殿レイダメテス うごくせきぞう
44%
ゲルト海峡(過去) | ロンダの氷穴 | 海賊のアジト跡・地下 ドロヌーバ
33%
ナグアの洞くつ | ミュルエルの森 ピクシー
33%
グレン領西 | ゴブル砂漠西 | ダズの岩穴 | +2 others グール
33%
グレン領東 | グレン領西 どくろあらい
33%
カミハルムイ領北 | グレン領東 | ブーナー熱帯雨林 | +2 others トロル
33%
グレン領西 | モガリム街道 シールドこぞう
33%
エピステーサ丘陵 | オルセコ高地 | グレン領西 | +2 others かげのきし
33%
グレン領西 | ボロヌス溶岩流 ボーンファイター
33%
ベコン渓谷 メイジドラキー
33%
ケラコーナ原生林 | ベコン渓谷 | 風車の丘 れんごくちょう
33%
ベコン渓谷 | ヴェリナード領西 | 風車の丘 メッサーラ
33%
チョッピ荒野 | ベコン渓谷 グレイトライドン
33%
ゴブル砂漠西 | ザグバン丘陵 | ベコン渓谷 | 呪われた大地 ドラゴンゾンビ
33%
ガタラ原野 | ゲルト海峡 ガチャコッコ
33%
ランドンフット | ランドン山脈頂上付近 フロストギズモ
33%
ランドン山脈 イエティ
33%
ザマ峠 | モガリム街道 | モリナラ大森林 オーク
33%
ガタラ原野 | ガートラント領 | ジュレー島下層(大空洞) | スイゼン湿原 ぐんたいガニ
33%
ガートラント領 | チョッピ荒野 サウルスロード
33%
ザグバン丘陵 | 狩人のほら穴 ブルーイーター
33%
ザグバン丘陵 | 狩人のほら穴 レッドイーター
33%
オルセコ高地 ブラッドソード
33%
けがれの谷 | 久遠の森 さまようたましい
33%
ポーポラ地方 | 地底湖の洞くつ プチアーノン
33%
ポポラパの洞くつ | 夢幻の森 ぼうれい剣士
33%
ジュレリア地下廃坑 | 冥王の心臓 | 賢者の隠れ家 ましょうぐも
33%
賢者の隠れ家 バルバロッサ
33%
ポポリアきのこ山 クラウンヘッド
33%
エゼソル峡谷 | オルフェア地方西 | ヴェリナード領北 アサシンエミュー
33%
ダラズ採掘場 | ラーディス王島 | リンクル地方 シュプリンガー
33%
ラーディス王島 | リンクル地方 クイーンスライム
33%
ゴブル砂漠東 | ゴブル砂漠西 | ヴェリナード領西 | 風車の丘 スカラベキング
33%
メギストリス領 | ヴァース大山林 サイレス
33%
メギストリス領 マジックアーマー
33%
エピステーサ丘陵 | モガリム街道 | 冥王の心臓 ワイトキング
33%
ガタラ原野 | モガリム街道 | 久遠の森 | 落陽の草原 かっちゅうアリ
33%
ガタラ原野 | モリナラ大森林 スカルガルー
33%
アズラン地方 | イナミノ街道 どくやずきん
33%
ジュレー島下層(大空洞) | スイゼン湿原 ポイズンリザード
33%
カミハルムイ領南 | ラーディス王島 てっこうまじん
33%
呪われた大地 まかいじゅう
33%
コルット地方 しましまキャット
33%
コルット地方 | レーナム緑野 ねこまどう
33%
地底湖の洞くつ メーダ
33%
猫島 ベンガルクーン
33%
ゴブル砂漠西 | ジュレー島上層 | ヴェリナード領南 ガニラス
33%
ジュレー島上層 ベレス
33%
ゴブル砂漠東 | ジュレリア地下廃坑 メトロゴースト
33%
ジュレリア地下廃坑 | ラニ大洞穴 リビングデッド
33%
ゴブル砂漠西 | 最果ての地下遺跡 | 海のとける洞くつ ひとくいサーベル
33%
ヴァース大山林 じごくのハサミ
33%
モガレの洞くつ | 詩歌の遺跡 キラークラブ
33%
サーマリ高原 セルゲイナス
33%
サーマリ高原 おにこんぼう
33%
ゴブル砂漠東 | 東の荒野 デザートランナー
33%
ゴブル砂漠東 | ランドン山脈(過去) デザートゴースト
33%
ボロヌス溶岩流 ルバンカ
33%
ボロヌスの穴 ヘルゴースト
33%
冥王の心臓 | 神殿レイダメテス サタンメイル
33%
ランガーオ山地 ビッグハット
22%
ランガーオ山地 おにこぞう
22%
ランガーオ山地 | ランドン山脈頂上付近 アイスコンドル
22%
アクロニア鉱山 | ウルベア地下遺跡 | オルフェア地方東 | +6 others オニオーン
22%
アクロニア鉱山 | ラニアッカ断層帯 | ロンダの氷穴 メラリザード
22%
カルサドラ火山 | ロンダの氷穴 | ヴァース大山林 | 賢者の隠れ家 じごくのたまねぎ
22%
オルフェア地方東 | ガートラント領 | キリカ草原 | ナグアの洞くつ ビッグフェイス
22%
ラギ雪原 つららスライム
22%
グレン領東 | モガリム街道 | ラニアッカ断層帯 キャタピラー
22%
ガタラ原野 | グレン領東 | ベコン渓谷 プテラノドン
22%
カミハルムイ領南 | カルデア洞穴 | グレン領東 くさった死体
22%
カミハルムイ領北 | ギルザッド地方 | グレン領東 | ポーポラ地方 ゲリュオン
22%
キリカ草原 | グレン領西 | モガリム街道 しびれだんびら
22%
エゼソル峡谷 | ガートラント領 | グレン領西 | チョッピ荒野 ケツァルコアトルス
22%
ベコン渓谷 | モガリム街道 しのどれい
22%
デマトード高地 | ベコン渓谷 | ヴェリナード領西 ダークパンサー
22%
ベコン渓谷 | ラーディス王島 | 夢幻の森 キングリザード
22%
ランドンフット | ランドン山脈 デビルスノー
22%
キリカ草原 | プペラトンネル | ランドンフット ベビーニュート
22%
ランドンフット | ヴェリナード領南 ホタテワラビー
22%
ランドン山脈 スノーモン
22%
ランドン山脈 モコモコじゅう
22%
ランドン山脈頂上付近 | 浜辺の洞くつ アイスボンバー
22%
グルグ地下道 | ザマ峠 さんぞくウルフ
22%
キュララナ海岸 | ギルザッド地方 マージスター
22%
キュララナ海岸 | ギルザッド地方 | プペラトンネル タコメット
22%
アズラン地方 | ギルザッド地方 | 冥王の心臓 ギガントヒルズ
22%
イナミノ街道 | シエラ巡礼地 | リンクル地方 | 狩人のほら穴 ダークペルシャ
22%
オルセコ高地 | ランドンフット(過去) ソードファントム
22%
オルセコ高地 | グルグ地下道 | ミュルエルの森 | ヴェリナード領北 ゴールドオーク
22%
エピステーサ丘陵 | オルセコ高地 | ラーディス王島 | 神殿レイダメテス じごくのもんばん
22%
オルセコ高地 | バドリー岩石地帯 デスプリースト
22%
古代オルセコ闘技場 ホースデビル
22%
古代オルセコ闘技場 ボーンナイト
22%
ブーナー熱帯雨林 | プクレット地方 | ランドン山脈(過去) | 古代オルセコ闘技場 りゅうき兵
22%
古代オルセコ闘技場 | 永遠の地下迷宮 ヘルビースト
22%
サーマリ高原 | バドリー岩石地帯 トリカトラプス
22%
エピステーサ丘陵 | プクレット地方 | メギストリス領 おむつっこり
22%
プクレット地方 ファーラット
22%
アズラン地方 | エピステーサ丘陵 | プクレット地方 | +2 others オークキング
22%
ウルベア地下遺跡 | カミハルムイ領南 | ポポラパの洞くつ マジカルハット
22%
エピステーサ丘陵 | 賢者の隠れ家 ダークナイト
22%
エゼソル峡谷 | カミハルムイ領南 | ラーディス王島 | 賢者の隠れ家 マッドルーパー
22%
オルフェア地方東 | キリカ草原 | レーナム緑野 アルミラージ
22%
オルッパ地下洞くつ | プペラトンネル | モガレの洞くつ | ラーディス王島 だいおうキッズ
22%
オルッパ地下洞くつ | 知恵の眠る遺跡 プヨンターゲット
22%
オルフェア地方西 | ミューズ海岸 トンブレロ
22%
オルフェア地方西 | カルデア洞穴 | スイゼン湿原 | 猫島 キャットバット
22%
フェルアバの洞くつ | 地底湖の洞くつ | 風車の丘 ベロニャーゴ
22%
カミハルムイ領北 | カミハルムイ領南 | フェルアバの洞くつ | +2 others サブナック
22%
ミュルエルの森 | モリナラ大森林 メランザーナ
22%
ブーナー熱帯雨林 | ミュルエルの森 | モリナラ大森林 グリーンシザー
22%
イナミノ街道 | リンクル地方 アローインプ
22%
リンクル地方 バアルゼブブ
22%
風車の丘 ひとつめピエロ
22%
風車の丘 バロンナイト
22%
キリカ草原 | ジュレー島上層 | メギストリス領 | +2 others リザードマン
22%
メギラザの洞くつ | ヴェリナード領南 ジェリーマン
22%
チョッピ荒野 | デマトード高地 バザックス
22%
ツスクル平野 ナスビナーラ
22%
キリカ草原 もみじこぞう
22%
デマトード高地 | モリナラ大森林 | 夢幻の森 エビルホーク
22%
モリナラ大森林 エビルチクリン
22%
モリナラ大森林 げんじかぶと
22%
アズラン地方 あばれこまいぬ
22%
カルデア山道 | スイの塔 ともしびこぞう
22%
カミハルムイ領北 | カミハルムイ領南 ピンクモーモン
22%
カミハルムイ領南 | 捨てられた城 からくりだいみょう
22%
ボロヌス溶岩流 | 捨てられた城 | 神殿レイダメテス フレイムドック
22%
落陽の草原 まだらイチョウ
22%
ジュレー島上層 | デマトード高地 | ヴェリナード領西 | 落陽の草原 みずたまドラゴン
22%
落陽の草原 グリンバングル
22%
落陽の草原 イエロバングル
22%
ジュレー島上層 | ヴェリナード領西 | 落陽の草原 ずしおうまる
22%
呪われた大地 デビルプリンス
22%
コルット地方 モーモン
22%
地底湖の洞くつ ポムポムボム
22%
最果ての地下遺跡 | 永遠の地下迷宮 | 浜辺の洞くつ ガルバ
22%
最果ての地下遺跡 | 永遠の地下迷宮 | 浜辺の洞くつ ゴルバ
22%
レーナム緑野 きりさきピエロ
22%
ジュレー島下層(大空洞) おばけヒトデ
22%
ミューズ海岸 | 猫島 ジャガーメイジ
22%
知恵の眠る遺跡 デスマエストロ
22%
猫島 キャットフライ
22%
ジュレリア地下廃坑 メーダクイン
22%
カルデア山道 | ジュレリア地下廃坑 ビッグモアイ
22%
ヴェリナード領南 | 永遠の地下迷宮 | 海のとける洞くつ うみぼうず
22%
デマトード高地 | ヴェリナード領南 クリスタルハンド
22%
ヴェリナード領南 デスゴーゴン
22%
ランドンフット(過去) | ヴェリナード領北 デッドペッカー
22%
ヴァース大山林 ビッグスロース
22%
ブーナー熱帯雨林 アサシンクロー
22%
アクロニア鉱山 メタッピー
22%
ゴブル砂漠西 | ラニアッカ断層帯 フライングデス
22%
ガタラ原野 | モガリム街道 ピッキー
22%
ガタラ原野 バブリン
22%
ウルベア地下遺跡 | カルデア洞穴 アイアンクック
22%
グルグ地下道 | ゴブル砂漠東 ケダモン
22%
カルデア洞穴 メーダロード
22%
ダラズ採掘場 ヘルカッチャ
22%
ボロヌス溶岩流 マグマロン
22%
ボロヌス溶岩流 | 神殿レイダメテス ゴードンヘッド
22%
ゲルト海峡(過去) シールドオーガ
22%
冥王の心臓 マポレーナ
22%
ランガーオ山地 いっかくウサギ
11%
ランガーオ山地 ぬすっとウサギ
11%
スイゼン湿原 | メギラザの洞くつ | ロンダの氷穴 | ヴァース大山林 てまねきリング
11%
ナグアの洞くつ | ミュルエルの森 | モリナラ大森林 マジックフライ
11%
オルフェア地方東 | グレン領東 | スイの塔 | ナグアの洞くつ よろいのきし
11%
ダズの岩穴 | デマトード高地 | モリナラ地下洞 | +3 others コープスフライ
11%
ダズの岩穴 | 詩歌の遺跡 スクラッチャー
11%
ラギ雪原 せつげんりゅう
11%
グレン領東 | グレン領西 おおくちばし
11%
グレン領東 | 東の荒野 太古のぬし
11%
グレン領西 | ブーナー熱帯雨林 | ボロヌスの穴 | ラニ大洞穴 ウィングデビル
11%
ベコン渓谷 チャームバット
11%
イナミノ街道 | ベコン渓谷 | モガリム街道 サイおとこ
11%
エゼソル峡谷 | チョッピ荒野 | ベコン渓谷 ヌーデビル
11%
ベコン渓谷 ネクロバルサ
11%
オルフェア地方東 | ゲルト海峡 ポイズントリル
11%
ゲルト海峡 たてまじん
11%
ガタラ原野 | ゲルト海峡 | スイゼン湿原 ハンターフライ
11%
スイゼン湿原 | ランドンフット | リンクル地方 タップデビル
11%
デマトード高地 | ミュルエルの森 | ランドンフット | ランドンフット(過去) おばけトマト
11%
エピステーサ丘陵 | ギルザッド地方 | グルグ地下道 | +3 others キラービー
11%
エピステーサ丘陵 | コルット地方 | ランドンフット | +3 others ライノスキング
11%
ガートラント領 | ザマ峠 | フェルアバの洞くつ | +2 others ダッシュラン
11%
ギルザッド地方 | 地底湖の洞くつ | 風車の丘 あらくれチャッピー
11%
キュララナ海岸 | ギルザッド地方 サマーウルフ
11%
ギルザッド地方 | メギストリス領 デスパロット
11%
ギルザッド地方 | サーマリ高原 | 落陽の草原 フォレスドン
11%
ギルザッド地方 | ケラコーナ原生林 ブルサベージ
11%
海賊のアジト跡・地下 バイキングソウル
11%
ゲルト海峡(過去) | 夢幻の森 | 海賊のアジト跡・地下 ボーンプリズナー
11%
オルフェア地方東 | オルフェア地方西 | カミハルムイ領北 | +2 others たまねぎマン
11%
トガス岩道 | 夢幻の森 インキュバス
11%
トガス岩道 | 永遠の地下迷宮 ヘルコンダクター
11%
チョッピ荒野 | 狩人のほら穴 ダークポックル
11%
オルセコ高地 | レーナム緑野 ライノソルジャー
11%
オルセコ高地 | カミハルムイ領北 | ザグバン丘陵 ダーティラビッツ
11%
オルセコ高地 | ザグバン丘陵 | ブーナー熱帯雨林 | 夢幻の森 ブラックマンティス
11%
ジュレー島下層(遺跡) | バドリー岩石地帯 ろうごくのぬし
11%
チョッピ荒野 | バドリー岩石地帯 ヘルジュラシック
11%
バドリー岩石地帯 オーガキング
11%
プクレット地方 クックルー
11%
けがれの谷 ボーンバット
11%
けがれの谷 | ツスクル平野 | 久遠の森 どくイモムシ
11%
ポーポラ地方 フェアリードラゴン
11%
ポーポラ地方 びっくりサタン
11%
ポポラパの洞くつ | ミュルエルの森 ベビーマジシャン
11%
ペシュヤ地下空洞 | ラニアッカ断層帯 パペットロープ
11%
エピステーサ丘陵 | ペシュヤ地下空洞 | ボロヌスの穴 | 謎の地下迷宮 グリゴンダンス
11%
カルサドラ火山 | ペシュヤ地下空洞 | ランドン山脈頂上付近(過去) ベビル
11%
アズラン地方 | エピステーサ丘陵 | オルフェア地方東 | キリカ草原 どんぐりベビー
11%
オルフェア地方東 | オルフェア地方西 グレムリン
11%
アズラン地方 | エゼソル峡谷 | オルフェア地方東 | +2 others サンダーフロッグ
11%
オルフェア地方東 アームライオン
11%
オルッパ地下洞くつ | ラーディス王島 シードッグ
11%
ポポリアきのこ山 アモデウス
11%
ポポリアきのこ山 ファンキードラゴ
11%
ポポリアきのこ山 シーザーレインボー
11%
オルフェア地方西 カメレオンマン
11%
ミュルエルの森 | モガレの洞くつ | 風車の丘 ウッディアイ
11%
ミュルエルの森 | ヴァース大山林 マザーウッド
11%
ミュルエルの森 | ヴェリナード領北 キラーファング
11%
ケラコーナ原生林 | ミュルエルの森 ベルフェゴル
11%
リンクル地方 キラージャック
11%
エゼソル峡谷 | ダラズ採掘場 | リンクル地方 | ヴァース大山林 ウイングタイガー
11%
風車の丘 しにがみのきし
11%
メギストリス領 ブルベリーノ
11%
シエラ巡礼地 | メギストリス領 | 夢幻の森 リュウイーソー
11%
ゲルト海峡(過去) | ジュレリア地下廃坑 | メギラザの洞くつ | 夢幻の森 ほねコウモリ
11%
メギラザの洞くつ | 夢幻の森 スモールグール
11%
エピステーサ丘陵 | ジュレー島上層 | モリナラ大森林 モコフル
11%
エピステーサ丘陵 | ラニアッカ断層帯 | 久遠の森 アカイライ
11%
ジュレリア地下廃坑 | 謎の地下迷宮 ホラービースト
11%
ツスクル平野 | 久遠の森 みならいあくま
11%
ツスクル平野 | ラニアッカ断層帯 つちわらし
11%
キリカ草原 | ゴブル砂漠東 アロエおに
11%
カルデア山道 | モリナラ大森林 バアラック
11%
エゼソル峡谷 | モリナラ大森林 | ヴァース大山林 やつざきアニマル
11%
モリナラ大森林 ギガントドラゴン
11%
ボロヌス溶岩流 | モリナラ地下洞 | ヴェリナード領北 | 呪われた大地 きせいじゅ
11%
アズラン地方 ふゆうじゅ
11%
アズラン地方 ゆめにゅうどう
11%
カルデア山道 | スイゼン湿原 マッドフィンガー
11%
スイの塔 あおだけ童子
11%
イナミノ街道 くみひもこぞう
11%
カミハルムイ領北 | カミハルムイ領南 ベロベロ
11%
カミハルムイ領北 | カミハルムイ領南 コトブキーノ
11%
カミハルムイ領北 | カミハルムイ領南 ケセランパセラン
11%
カミハルムイ領北 とうろうへい
11%
捨てられた城 イーブルフライ
11%
捨てられた城 ドッグラマッコイ
11%
捨てられた城 からくりしょうぐん
11%
落陽の草原 バサラーナ
11%
呪われた大地 えんまのつかい
11%
呪われた大地 ウィッチネイル
11%
呪われた大地 なげきの亡霊
11%
シエラ巡礼地 じごくのつかい
11%
シエラ巡礼地 キラーデーモン
11%
エゼソル峡谷 | ジュレー島下層(遺跡) ヒポせんし
11%
ラーディス王島 タップペンギー
11%
ウルベア地下遺跡 | 知恵の眠る遺跡 あくま神官
11%
ジュレリア地下廃坑 どれいへいし
11%
キュララナ海岸 岩とびあくま
11%
ヴェリナード領南 ネイルビースト
11%
ヴェリナード領南 | 最果ての地下遺跡 リビングスタチュー
11%
ケラコーナ原生林 | ヴェリナード領南 カバリアー
11%
ヴェリナード領北 スマイルリザード
11%
ブーナー熱帯雨林 | ラニアッカ断層帯 テラノライナー
11%
エゼソル峡谷 | 詩歌の遺跡 チャンプスター
11%
ケラコーナ原生林 こうていタップ
11%
ケラコーナ原生林 ヘルシーサー
11%
アクロニア鉱山 ホイップゴースト
11%
ラニアッカ断層帯 さそりばち
11%
ウルベア地下遺跡 イエローシックル
11%
サーマリ高原 ヒッポキング
11%
ダラズ採掘場 ナイトメーア
11%
カルサドラ火山 キラートーチ
11%
カルサドラ火山 | ランドン山脈頂上付近(過去) ベビーサラマンダ
11%
ボロヌスの穴 ナイトキャット
11%
デマトード高地 ふくめんバニー
11%
ゲルト海峡(過去) | デマトード高地 レッドプリン
11%
デマトード高地 キマイラロード
11%
ランドン山脈頂上付近(過去) かえんムカデ
11%
No matching quizzes found
Score Distribution
Percent of People with Each Score
Percentile by Number Answered
Your Score History
You have not taken this quiz